000 01040nam a22002777a 4500
999 _c65027
_d65027
005 20240530110803.0
008 190115s2018 ua a g 000 0 ara d
017 _a11605
_bمصر. دار الكتب
020 _a9789774461648
040 _aEG-CaGPL
_cEG-CaGPL
082 0 4 _221
_a597 /
_bع ك
100 0 _aعلى محمد عبدالله
245 1 2 _aالكائنات البحرية :
_bبين الجمال اللاسع والرقة السامة /
_cعلى محمد عبدالله
250 _aط.1
260 _aالقاهرة :
_bوكالة الصحافة العربية ( ناشرون )،
_c2018.
300 _a201 ص. :
_bايض ؛
_c24 سم.
504 _aيشتمل على ارجاعات ببليوجرافية
650 0 7 _2qrmak
_aالاسماك البحرية
650 0 7 _aالسلاحف
_2qrmak
650 0 7 _aالاسماك السامة
_2qrmak
650 0 7 _aقنديل البحر
_2qrmak
650 0 7 _aالاسماك
_2qrmak
651 _2qrmak
942 _2ddc
_cBK